| 000 | 00607nam a22001695i 4500 | ||
|---|---|---|---|
| 001 | 169979 | ||
| 003 | ES-MaACL | ||
| 005 | 20230906214246.0 | ||
| 008 | 090107s1873 xxu |||| | ger d | ||
| 080 | _a332.334.4(73) | ||
| 245 | 0 | 0 |
_aKort beskrivelse over det offentlige land i de Forenede Stater i Amerika / _c[Willis Drummond, Kommissar]. |
| 260 |
_aWashington, D.C., : _bDe Forenede Staternes Tryckeri, _c1873. |
||
| 300 |
_a14 p., [1] h. de map. pleg. ; _c20 cm. |
||
| 650 | 4 |
_aColonización agraria- _zEstados Unidos. _9146694 |
|
| 700 | 1 |
_aDrummond, Willis. _9139159 |
|
| 852 |
_aES-MaACL _jT-370-F-4 |
||
| 999 |
_c169979 _d169979 |
||